| 000 | 02783nam2a2200313 4500 | ||
|---|---|---|---|
| 001 | RU\NLR\BIBL_A\011698486 | ||
| 005 | 20180524160350.0 | ||
| 010 |
_a978-5-9675-1653-5 _9100 |
||
| 021 |
_aRU _bКН-П-18-025710 _9КН-П-18-1881 |
||
| 035 | _a(NLR Aleph) 011698486 | ||
| 035 | _a(RuMoRGB)009596875 | ||
| 090 |
_a11376333 _c11376333 |
||
| 100 | _a20180514d2017 k y0rusy50 ca | ||
| 101 | 0 |
_arus _aeng |
|
| 102 | _aRU | ||
| 105 | _aa z 110 y | ||
| 200 | 0 |
_aВып. 23 _e[сборник статей по материалам докладов 70-й Международной студенческой научно-практической конференции, посвященной 125-летию со дня рождения профессора Н.Д. Кондратьева, 14-17 марта 2017 г.] _fМинистерство сельского хозяйства Российской Федерации, Российский государственный аграрный университет - МСХА им. К.А. Тимирязева _g[редакционная коллегия: проф. С.Л. Белопухов и др.] |
|
| 210 | _d2017 | ||
| 215 |
_a522 с. _cил. |
||
| 300 | _aТекст рус., англ. | ||
| 320 | _aБиблиогр. в конце ст. | ||
| 461 | 0 |
_1001RU\NLR\bibl\14633 _12001#$aСборник студенческих научных работ$e[Докл., удостоенные дипломов I и II степ.]$fДепартамент кадровой политики и образования М-ва сел. хоз-ва и продовольствия Рос. Федерации, Моск. с.-х. акад. им. К.А.Тимирязева$g[Редкол.: проф. Л.А. Паничкин и др.]$vВып. 23 _957109 _aМосковская сельскохозяйственная академия им. К. А. Тимирязева _cМ. _d1998 _fДепартамент кадровой политики и образования М-ва сел. хоз-ва и продовольствия Рос. Федерации, Моск. с.-х. акад. им. К.А.Тимирязева _nИзд-во МСХА _o[Докл., удостоенные дипломов I и II степ.] _tСборник студенческих научных работ _vВып. 23 |
|
| 711 | 0 | 2 |
_aРоссийский государственный аграрный университет - МСХА им. К. А. Тимирязева _bМеждународная студенческая научно-практическая конференция _d70 _f2017 _9568284 _3RU\NLR\AUTH\880452176 |
| 852 |
_aNLR _j98-3/9998 |
||
| 942 | _cBOOK | ||
| 980 | _aNB | ||